000 00572nam a2200229 a 4500
999 _c4525
_d4525
001 4525
003 BD-JhCC
005 20220120134023.0
008 171128s19501965P |||| || | 000 0 eng d
035 _a(BD-JhCC)4525
040 _aBD-JhCC
_dBD-JhCC
041 _aeng
082 _a297.822
_bALI 1965
100 _aAli, Prof. K.
245 _aA Study of Islamic History /
_cProf. K. Ali,
250 _a9Th Ed
260 _aDacca :
_bMohammadi Book House,
_c1965.
300 _a420 p. :
_c18 cm.
650 _aIslamic History
942 _2ddc
_cBK
_02